Statistics for CONMEBOL Members - Only Flags will Appear

Click here to take the quiz!

General Stats

  • This quiz has been taken 300 times
  • The average score is 10 of 10

Answer Stats

UEFA Member% Correct
Argentina
98%
Brazil
98%
Paraguay
98%
Uruguay
98%
Chile
96%
Peru
96%
Colombia
95%
Ecuador
95%
Venezuela
95%
Bolivia
94%

Score Distribution

Percentile by Number Answered

Percent of People with Each Score

Your Score History

You have not taken this quiz